ՀՀ Գիտությունների ազգային ակադեմիայի հիմնարար գիտական գրադարան  =   Fundamental Scientific Library of NAS RA

Автоматизация выбивки опочных форм / (Record no. 511907)

MARC details
000 -LEADER
fixed length control field 01574nam a2200241 a 4500
003 - CONTROL NUMBER IDENTIFIER
control field AM-YEHGA
001 - CONTROL NUMBER
control field 1621992
005 - DATE AND TIME OF LATEST TRANSACTION
control field 20250617163738.0
008 - FIXED-LENGTH DATA ELEMENTS--GENERAL INFORMATION
fixed length control field 190621s1961 ru f|||fr|||||000|||rus||
040 ## - CATALOGING SOURCE
Original cataloging agency AM-YeHGA
041 0# - LANGUAGE CODE
Language code of text/sound track or separate title rus
090 ## - LOCALLY ASSIGNED LC-TYPE CALL NUMBER (OCLC); LOCAL CALL NUMBER (RLIN)
-- 515414
100 1# - MAIN ENTRY--PERSONAL NAME
Personal name Лиокумович, Л.Ф.
245 10 - TITLE STATEMENT
Title Автоматизация выбивки опочных форм /
Statement of responsibility, etc. Л.Ф. Лиокумович ; Государственный комитет совета министров СССР по автоматизации и машиностроению ; Государственный научно-исследовательский институт литейного машиностроения и литейной технологии ; Центральное бюро технической информации.
260 ## - PUBLICATION, DISTRIBUTION, ETC.
Place of publication, distribution, etc. Москва :
Name of publisher, distributor, etc. Б.и.,
Date of publication, distribution, etc. 1961.
300 ## - PHYSICAL DESCRIPTION
Extent 83 с. :
Other physical details черт. ;
Dimensions 21 см.
490 0# - SERIES STATEMENT
Series statement Прогрессивная и типовая технология
Volume/sequential designation серия VII
650 14 - SUBJECT ADDED ENTRY--TOPICAL TERM
Topical term or geographic name entry element Опоки
General subdivision Выбивка
-- Автоматизация
710 2# - ADDED ENTRY--CORPORATE NAME
Corporate name or jurisdiction name as entry element Государственный комитет совета министров СССР по автоматизации и машиностроению
710 2# - ADDED ENTRY--CORPORATE NAME
Corporate name or jurisdiction name as entry element Государственный научно-исследовательский институт литейного машиностроения и литейной технологии.
710 2# - ADDED ENTRY--CORPORATE NAME
Corporate name or jurisdiction name as entry element Центральное бюро технической информации
942 ## - ADDED ENTRY ELEMENTS (KOHA)
Source of classification or shelving scheme Universal Decimal Classification
Koha item type Գրքեր / Books
Holdings
Withdrawn status Lost status Source of classification or shelving scheme Damaged status Not for loan Collection Home library Current library Date acquired Total checkouts Full call number Barcode Date last seen Price effective from Koha item type Public note
    Universal Decimal Classification     General Fundamental Scientific Library Fundamental Scientific Library 14/07/2021   PII/56549 FL0653861 14/07/2021 14/07/2021 Գրքեր / Books 30 Days Loan


ՀՀ ԳԱԱ հիմնարար գիտական գրադարան
ՀՀ,Երևան 0019
Մարշալ Բաղրամյան 24/6
հեռախոս:(374-10) 52-47-50
Հետադարձ կապ

All site content, except where otherwise noted, is licensed under a
Creative Commons License